[Event "GER-ch Seniors 65+ 30th"]
[Site "Hamburg"]
[Date "2018.07.23"]
[Round "3"]
[White "Szenetra, Werner"]
[Black "Mann, Klaus Dieter"]
[Result "1-0"]
[WhiteElo "2228"]
[BlackElo "2008"]
[PlyCount "139"]
[EventDate "2018.07.21"]
[EventType "swiss"]
[EventRounds "9"]
[EventCountry "GER"]
[SourceTitle "EXT 2020"]
[Source "ChessBase"]
[SourceDate "2019.10.17"]
[SourceVersion "1"]
[SourceVersionDate "2019.10.17"]
[SourceQuality "1"]

1. Nf3 Nf6 2. g3 g6 3. Bg2 Bg7 4. 0-0 0-0 5. d3 d6 6. e4 e5 7. Nbd2 Re8 8. Re1 Nbd7 9. c3 Nf8 10. a4 a5 11. Nc4 N6d7 12. Be3 Ne6 13. h4 h6 14. d4 Qe7 15. dxe5 dxe5 16. Qc2 b6 17. Rad1 Bb7 18. Qd2 Ndc5 19. Nfxe5 Rad8 20. Qc2 Nf8 21. Rxd8 Rxd8 22. b4 axb4 23. cxb4 Na6 24. b5 Bxe5 25. bxa6 Bxa6 26. Nxe5 Qxe5 27. Bf4 Qc5 28. Qxc5 bxc5 29. Bxc7 Rc8 30. Bf4 Kg7 31. Rc1 Ne6 32. Bf1 c4 33. Be3 Rc6 34. Rc3 h5 35. f3 Kf6 36. Kf2 Ke7 37. f4 Kf6 38. e5+ Ke7 39. Bc1 Ke8 40. Be3 Ke7 41. Bg2 Rc8 42. Bb6 Ng7 43. Bh3 Rc6 44. Ba5 Nf5 45. Bxf5 gxf5 46. Rc1 Bc8 47. Bb4+ Ke8 48. a5 Bd7 49. Ke3 Kd8 50. Kd4 Be6 51. Bc5 Ra6 52. Bb6+ Kd7 53. Kc5 Ra8 54. Kb5 Bd5 55. a6 Ke6 56. Bc7 Rc8 57. Kb6 Re8 58. a7 Rc8 59. Rd1 Be4 60. Rc1 Kd5 61. Rc3 Ke6 62. Kb5 Ke7 63. Bd6+ Ke6 64. Kb4 Re8 65. Ra3 Rc8 66. Kc3 Bd5 67. Ra5 Bc6 68. Ra6 Kd7 69. Bb8 Ba8 70. Rf6 1-0

[Event "GER-chA Seniors 28th"]
[Site "Niederhausen"]
[Date "2016.08.20"]
[Round "8"]
[White "Pruefer, Friedbert"]
[Black "Mann, Klaus Dieter"]
[Result "1-0"]
[WhiteElo "2188"]
[BlackElo "2096"]
[PlyCount "95"]
[EventDate "2016.08.13"]
[EventType "swiss"]
[EventRounds "9"]
[EventCountry "GER"]
[SourceTitle "EXT 2019"]
[Source "ChessBase"]
[SourceDate "2018.10.10"]
[SourceVersion "1"]
[SourceVersionDate "2018.10.10"]
[SourceQuality "1"]

1. d4 Nf6 2. c4 g6 3. Nc3 Bg7 4. e4 d6 5. f4 0-0 6. Nf3 c5 7. Be2 Bg4 8. d5 Ne8 9. Qc2 a6 10. 0-0 e6 11. dxe6 fxe6 12. Be3 Qc7 13. Ng5 Bxe2 14. Qxe2 Qe7 15. Rad1 Nc6 16. Qd3 Rd8 17. Kh1 Nc7 18. a3 Nd4 19. Nf3 Nc6 20. Rb1 a5 21. Rbd1 Ne8 22. g3 b6 23. Kg2 Rf7 24. Rd2 Bf6 25. Rfd1 Qc7 26. Qe2 Qe7 27. e5 Bg7 28. Ne4 dxe5 29. Rxd8 Nxd8 30. fxe5 Nc6 31. Bf4 h6 32. h4 Qb7 33. Kh2 Rd7 34. Nd6 Qb8 35. Qe4 Ne7 36. Rd3 Bf8 37. g4 Bg7 38. Kh3 Kf8 39. Qe3 Ng8 40. Bg3 Bh8 41. Qe4 Nxd6 42. exd6 Qe8 43. Be5 Bf6 44. g5 hxg5 45. hxg5 Bd8 46. Nh4 Rh7 47. Rf3+ Nf6 48. Bxf6 1-0

[Event "Hessen-ch Seniors op 12th"]
[Site "Bad Sooden-Allendorf"]
[Date "2016.05.02"]
[Round "3"]
[White "Bars, Joachim"]
[Black "Mann, Klaus Dieter"]
[Result "1/2-1/2"]
[WhiteElo "1918"]
[BlackElo "2068"]
[PlyCount "79"]
[EventDate "2016.04.30"]
[EventType "swiss"]
[EventRounds "9"]
[EventCountry "GER"]
[SourceTitle "EXT 2019"]
[Source "ChessBase"]
[SourceDate "2018.10.10"]
[SourceVersion "1"]
[SourceVersionDate "2018.10.10"]
[SourceQuality "1"]

1. d4 Nf6 2. c4 g6 3. Nc3 Bg7 4. e4 d6 5. Be2 c6 6. Nf3 0-0 7. Bg5 h6 8. Be3 Qc7 9. h3 Nbd7 10. Rc1 Re8 11. Qd2 Kh7 12. 0-0 a5 13. a4 e5 14. d5 Nc5 15. Qc2 Na6 16. Na2 c5 17. Nd2 Rf8 18. f4 exf4 19. Bxf4 Qe7 20. Bd3 Nd7 21. Nf3 Ne5 22. Nxe5 Bxe5 23. Bxe5 Qxe5 24. Qc3 Kg7 25. Qxe5+ dxe5 26. Nc3 Bd7 27. Rf3 f6 28. Rcf1 h5 29. b3 Nb4 30. Bb1 Rad8 31. Nd1 Bc8 32. Ne3 Rd6 33. Kh2 Rh8 34. Kg1 Na6 35. Bc2 Nc7 36. R3f2 Ne8 37. Bd1 g5 38. Kh2 Kg6 39. g3 Ng7 40. Bc2 1/2-1/2

[Event "GER-chA Seniors 27th"]
[Site "Magdeburg"]
[Date "2015.08.23"]
[Round "9"]
[White "Mann, Klaus Dieter"]
[Black "Tuertmann, Dieter"]
[Result "1/2-1/2"]
[WhiteElo "2102"]
[BlackElo "2004"]
[PlyCount "176"]
[EventDate "2015.08.15"]
[EventType "swiss"]
[EventRounds "9"]
[EventCountry "GER"]
[SourceTitle "EXT 2018"]
[Source "ChessBase"]
[SourceDate "2017.10.13"]
[SourceVersion "1"]
[SourceVersionDate "2017.10.13"]
[SourceQuality "1"]

1. e4 c6 2. d4 d6 3. c4 Nf6 4. Nc3 a6 5. f3 Qc7 6. Be3 Nbd7 7. Qd2 e5 8. d5 Be7 9. Nh3 Nf8 10. Nf2 Ng6 11. g3 Bd7 12. Be2 h5 13. h3 c5 14. 0-0 Rb8 15. Kg2 b5 16. b3 Qc8 17. Bd3 Nh7 18. Rac1 Bd8 19. Ne2 0-0 20. Ng1 b4 21. Rc2 a5 22. Rb2 Ra8 23. Bc2 Bf6 24. Rbb1 Qe8 25. Nd3 Qe7 26. f4 exf4 27. Nxf4 Nxf4+ 28. gxf4 a4 29. Rf2 axb3 30. axb3 Ra3 31. Qd1 g6 32. Qf3 Kh8 33. Re2 Rg8 34. Kh1 Rga8 35. Bf2 Ra1 36. Ree1 Rxb1 37. Bxb1 Bc3 38. Rd1 Ra3 39. Bc2 Be8 40. Ne2 Bg7 41. Rg1 f6 42. Qd3 Nf8 43. Ng3 Ra8 44. Re1 Bd7 45. Kg2 Re8 46. Qf3 Qf7 47. h4 Bc8 48. f5 Re5 49. Re2 Kg8 50. Be3 gxf5 51. exf5 Nd7 52. Nxh5 Bf8 53. Nf4 Bh6 54. Ne6 Rxe3 55. Rxe3 Bxe3 56. Qxe3 Ne5 57. Qg3+ Kh7 58. Be4 Bd7 59. Nf4 Be8 60. Bc2 Qg7 61. Qxg7+ Kxg7 62. Kg3 Kh6 63. Bd1 Bf7 64. Be2 Be8 65. Bd1 Bf7 66. Kf2 Be8 67. Ke3 Bf7 68. Bc2 Be8 69. Bd1 Bf7 70. Ne6 Be8 71. Be2 Bf7 72. Nd8 Be8 73. Nb7 Nf7 74. Kf4 Bd7 75. Na5 Ne5 76. Nb7 Nf7 77. Bf3 Bc8 78. Na5 Bd7 79. Nc6 Be8 80. Ne7 Ne5 81. Be2 Bd7 82. h5 Be8 83. Ng6 Nd7 84. Ne7 Ne5 85. Ng6 Nd7 86. Kg4 Kg7 87. Kh4 Kh6 88. Bf3 Kg7 1/2-1/2

[Event "Hessen-ch Seniors op 11th"]
[Site "Bad Sooden-Allendorf"]
[Date "2015.05.09"]
[Round "1"]
[White "Garms, Ilse"]
[Black "Mann, Klaus Dieter"]
[Result "0-1"]
[WhiteElo "1745"]
[BlackElo "2108"]
[PlyCount "84"]
[EventDate "2015.05.09"]
[EventType "swiss"]
[EventRounds "9"]
[EventCountry "GER"]
[SourceTitle "EXT 2018"]
[Source "ChessBase"]
[SourceDate "2017.10.13"]
[SourceVersion "1"]
[SourceVersionDate "2017.10.13"]
[SourceQuality "1"]

1. d4 Nf6 2. Nf3 g6 3. c4 Bg7 4. Nc3 d6 5. e4 0-0 6. h3 Nbd7 7. Bf4 c6 8. Bd3 Re8 9. 0-0 e5 10. Bh2 Qc7 11. Qc2 Re7 12. Rad1 b6 13. dxe5 dxe5 14. b4 Bb7 15. Qb3 Nh5 16. Rfe1 Nf4 17. Bf1 h6 18. Ne2 Ne6 19. Ned4 Ndf8 20. Rd3 Rae8 21. Red1 Nf4 22. Bxf4 exf4 23. e5 Bxe5 24. Nxe5 Rxe5 25. Nf3 R5e7 26. Rd6 c5 27. bxc5 bxc5 28. R6d2 Ne6 29. Qc3 Bxf3 30. Qxf3 Nd4 31. Qd3 Qe5 32. Rb1 Kg7 33. Rdb2 g5 34. Rb7 h5 35. Rxe7 Rxe7 36. Qd1 Kh6 37. Bd3 f5 38. Qa4 f3 39. Qa6+ Kg7 40. g4 hxg4 41. hxg4 Qf4 42. Bxf5 Nxf5 0-1

[Event "GER-ch Seniors"]
[Site "Dresden"]
[Date "2012.08.10"]
[Round "2"]
[White "Ackermann, Hans Werner"]
[Black "Mann, Klaus Dieter"]
[Result "1-0"]
[WhiteElo "2302"]
[BlackElo "2103"]
[PlyCount "123"]
[EventDate "2012.08.09"]
[EventType "swiss"]
[EventRounds "9"]
[EventCountry "GER"]
[SourceTitle "EXT 2014"]
[Source "ChessBase"]
[SourceDate "2013.11.20"]
[SourceVersion "1"]
[SourceVersionDate "2013.11.20"]
[SourceQuality "1"]

1. e4 c5 2. Nf3 e6 3. Nc3 a6 4. g3 Nc6 5. Bg2 Qc7 6. 0-0 Nf6 7. Re1 d6 8. d4 cxd4 9. Nxd4 Nxd4 10. Qxd4 Be7 11. Be3 0-0 12. Qd2 Bd7 13. a4 Rac8 14. a5 Bc6 15. Bb6 Qb8 16. Bd4 Nd7 17. Nd5 Bd8 18. Nb6 Nxb6 19. axb6 Be7 20. c4 Rcd8 21. b4 e5 22. Be3 Bd7 23. f4 Be6 24. Rac1 f6 25. f5 Bf7 26. g4 Rc8 27. Bf1 Rfd8 28. g5 Kh8 29. h4 Rc6 30. Rc2 Qc8 31. Rec1 Qd7 32. b5 axb5 33. cxb5 Rxc2 34. Qxc2 Qe8 35. Qc7 Rd7 36. Qc8 Qd8 37. Rc7 Qxc8 38. Rxc8+ Bd8 39. Kf2 Kg8 40. Be2 Kf8 41. Kg3 Bb3 42. Kg4 Kf7 43. Rc3 Ba4 44. Bc4+ Ke8 45. Kf3 Bd1+ 46. Kf2 Bh5 47. Be6 Re7 48. Bg8 Bf7 49. Bxh7 Kd7 50. Bg6 Bxg6 51. fxg6 Re8 52. gxf6 Bxf6 53. Rc7+ Ke6 54. Kg3 Re7 55. Rc8 Kd7 56. Rb8 Ke6 57. Kg4 Rd7 58. h5 d5 59. Re8+ Kd6 60. exd5 Kxd5 61. Kf5 Kc4 62. h6 1-0

[Event "GER-ch Seniors 23rd"]
[Site "Halle"]
[Date "2011.08.13"]
[Round "9"]
[White "Mann, Klaus Dieter"]
[Black "Zunker, Reinhard"]
[Result "1/2-1/2"]
[WhiteElo "2112"]
[BlackElo "2189"]
[PlyCount "29"]
[EventDate "2011.08.05"]
[EventType "swiss"]
[EventRounds "9"]
[EventCountry "GER"]
[SourceTitle "CBM 144 Extra"]
[Source "ChessBase"]
[SourceDate "2011.10.28"]
[SourceVersion "1"]
[SourceVersionDate "2011.10.28"]
[SourceQuality "1"]

1. d4 Nf6 2. c4 e6 3. Nf3 Bb4+ 4. Bd2 Qe7 5. Nc3 Bxc3 6. Bxc3 Ne4 7. Qc2 f5 8. e3 a5 9. Bd3 Nxc3 10. Qxc3 d6 11. e4 Nc6 12. 0-0 fxe4 13. Bxe4 0-0 14. Rfe1 Qf6 15. Rac1 1/2-1/2

[Event "GER-ch Seniors 23rd"]
[Site "Halle"]
[Date "2011.08.07"]
[Round "3"]
[White "Mann, Klaus Dieter"]
[Black "Andersen, Knut"]
[Result "1-0"]
[WhiteElo "2112"]
[BlackElo "2093"]
[PlyCount "109"]
[EventDate "2011.08.05"]
[EventType "swiss"]
[EventRounds "9"]
[EventCountry "GER"]
[SourceTitle "CBM 144 Extra"]
[Source "ChessBase"]
[SourceDate "2011.10.28"]
[SourceVersion "1"]
[SourceVersionDate "2011.10.28"]
[SourceQuality "1"]

1. e4 c5 2. Nf3 d6 3. d4 cxd4 4. Nxd4 Nf6 5. Nc3 e5 6. Nb3 Be7 7. Be3 0-0 8. Be2 Be6 9. 0-0 Nc6 10. f3 a5 11. Nd5 Bxd5 12. exd5 Nb4 13. c4 a4 14. Nd2 Qd7 15. Ne4 Nxe4 16. fxe4 f5 17. exf5 Rxf5 18. Qd2 Rxf1+ 19. Bxf1 Na6 20. b4 Nc7 21. Qd3 Ne8 22. Be2 Nf6 23. Bf3 Re8 24. Be4 Nxe4 25. Qxe4 g6 26. g4 Rc8 27. Rc1 Qd8 28. Rc2 Bg5 29. Bf2 Bf4 30. h4 Qd7 31. Qg2 e4 32. Bd4 Qe7 33. g5 Re8 34. Re2 e3 35. Bf6 Qe4 36. Qxe4 Rxe4 37. c5 Rxb4 38. cxd6 Bxd6 39. Kg2 Bc5 40. Kf3 Rxh4 41. Be5 Kf7 42. Bf4 Rh1 43. Bxe3 Rh3+ 44. Kf4 Rxe3 45. Rxe3 Bxe3+ 46. Kxe3 Ke7 47. Ke4 Kd6 48. Kd4 b5 49. a3 b4 50. axb4 a3 51. Kc3 Kxd5 52. Kb3 Ke5 53. Kxa3 h5 54. gxh6 Kf6 55. h7 1-0

[Event "GER-ch Seniors 23rd"]
[Site "Halle"]
[Date "2011.08.06"]
[Round "2"]
[White "Schulz, Wolfgang"]
[Black "Mann, Klaus Dieter"]
[Result "1/2-1/2"]
[WhiteElo "2145"]
[BlackElo "2112"]
[PlyCount "80"]
[EventDate "2011.08.05"]
[EventType "swiss"]
[EventRounds "9"]
[EventCountry "GER"]
[SourceTitle "CBM 144 Extra"]
[Source "ChessBase"]
[SourceDate "2011.10.28"]
[SourceVersion "1"]
[SourceVersionDate "2011.10.28"]
[SourceQuality "1"]

1. e4 c5 2. Nf3 e6 3. d4 cxd4 4. Nxd4 a6 5. Nc3 Qc7 6. Bd3 Nf6 7. 0-0 Be7 8. Kh1 0-0 9. f4 d6 10. Qe2 Nc6 11. Nf3 b5 12. a3 Re8 13. Bd2 Bb7 14. Rae1 Nd7 15. Na2 Nc5 16. Nb4 Nxb4 17. Bxb4 Nxd3 18. cxd3 Rac8 19. Bc3 d5 20. e5 g6 21. Qd2 Bf8 22. Rc1 Qd7 23. Bd4 Rxc1 24. Rxc1 Rc8 25. Rxc8 Qxc8 26. Qc3 Qxc3 27. Bxc3 Bc5 28. Bd4 Be7 29. b4 Bd8 30. Kg1 Kf8 31. Kf2 Ke8 32. g3 h5 33. Ke3 Kd7 34. Bc5 Ba8 35. Bd4 Bb7 36. Nd2 Bc8 37. Nb3 Kc6 38. Bc5 Bb7 39. Nd4+ Kd7 40. Nf3 Kc6 1/2-1/2

[Event "Hessen-ch Seniors op 07th"]
[Site "Bad Sooden-Allendorf"]
[Date "2011.05.06"]
[Round "7"]
[White "Hunold, Rolf"]
[Black "Mann, Klaus Dieter"]
[Result "1/2-1/2"]
[WhiteElo "1972"]
[BlackElo "1893"]
[PlyCount "110"]
[EventDate "2011.04.30"]
[EventType "swiss"]
[EventRounds "9"]
[EventCountry "GER"]
[SourceTitle "EXT 2012"]
[Source "ChessBase"]
[SourceDate "2011.11.24"]
[SourceVersion "1"]
[SourceVersionDate "2011.11.24"]
[SourceQuality "1"]

1. e4 c5 2. Nf3 e6 3. d4 cxd4 4. Nxd4 a6 5. c4 Qc7 6. Nc3 Nc6 7. Nc2 Nf6 8. Be2 Be7 9. 0-0 0-0 10. a3 d6 11. Bg5 b6 12. Ne3 Re8 13. Qd2 Bb7 14. Rfd1 Rad8 15. Qc2 Ne5 16. Bf4 Ned7 17. b4 Nf8 18. Bg3 Rc8 19. Rac1 Red8 20. f4 N6d7 21. Bf3 g6 22. Qf2 f5 23. exf5 gxf5 24. Re1 Nf6 25. Bh4 Bxf3 26. Qxf3 Ng6 27. Bg3 Bf8 28. h3 Bg7 29. Bh2 h5 30. g4 hxg4 31. hxg4 fxg4 32. Nxg4 Nf8 33. Nxf6+ Bxf6 34. Ne4 Bg7 35. Ng5 Re8 36. Qh5 Re7 37. Qh3 Rce8 38. Qd3 Rd7 39. f5 Be5 40. fxe6 Rg7 41. Bxe5 dxe5 42. Kf2 Rxg5 43. Rg1 Nh7 44. Rxg5+ Nxg5 45. Qg6+ Kf8 46. Qxg5 Rxe6 47. Qf5+ Qf7 48. Qxf7+ Kxf7 49. Ke3 Rh6 50. c5 bxc5 51. bxc5 Ke7 52. Ke4 Kd7 53. Kxe5 Kc6 54. Kd4 Rh4+ 55. Kc3 Kxc5 1/2-1/2

[Event "Hessen-ch Seniors op 07th"]
[Site "Bad Sooden-Allendorf"]
[Date "2011.05.04"]
[Round "5"]
[White "Kopp, Peter"]
[Black "Mann, Klaus Dieter"]
[Result "1/2-1/2"]
[WhiteElo "1979"]
[BlackElo "1893"]
[PlyCount "46"]
[EventDate "2011.04.30"]
[EventType "swiss"]
[EventRounds "9"]
[EventCountry "GER"]
[SourceTitle "EXT 2012"]
[Source "ChessBase"]
[SourceDate "2011.11.24"]
[SourceVersion "1"]
[SourceVersionDate "2011.11.24"]
[SourceQuality "1"]

1. e4 e5 2. Nf3 Nc6 3. Bb5 a6 4. Ba4 Nf6 5. 0-0 Be7 6. Re1 b5 7. Bb3 d6 8. c3 Nb8 9. d4 Nbd7 10. Bxf7+ Kxf7 11. Ng5+ Kg6 12. f4 exf4 13. Ne6 Qg8 14. Nxf4+ Kf7 15. e5 dxe5 16. dxe5 Nxe5 17. Rxe5 Bd6 18. Qb3+ Kf8 19. Ne6+ Bxe6 20. Rxe6 Qf7 21. Re1 Re8 22. Qxf7+ Kxf7 23. Rf1 Kg6 1/2-1/2

[Event "Hessen-ch Seniors op 07th"]
[Site "Bad Sooden-Allendorf"]
[Date "2011.05.03"]
[Round "4"]
[White "Mann, Klaus Dieter"]
[Black "Biller, Helmut"]
[Result "1/2-1/2"]
[WhiteElo "1893"]
[BlackElo "1990"]
[PlyCount "38"]
[EventDate "2011.04.30"]
[EventType "swiss"]
[EventRounds "9"]
[EventCountry "GER"]
[SourceTitle "EXT 2012"]
[Source "ChessBase"]
[SourceDate "2011.11.24"]
[SourceVersion "1"]
[SourceVersionDate "2011.11.24"]
[SourceQuality "1"]

1. c4 c5 2. Nc3 g6 3. g3 Bg7 4. Bg2 Nc6 5. e3 e5 6. Nge2 Nge7 7. e4 d6 8. d3 0-0 9. 0-0 Rb8 10. a3 a6 11. Bd2 b5 12. b3 h6 13. Rb1 Bd7 14. Nd5 Nxd5 15. cxd5 Ne7 16. b4 Rc8 17. Rc1 cxb4 18. axb4 f5 19. Qb3 Kh7 1/2-1/2

[Event "GER-ch Seniors 22nd"]
[Site "Berlin"]
[Date "2010.08.23"]
[Round "8"]
[White "Mann, Klaus Dieter"]
[Black "Hamm, Georg"]
[Result "1/2-1/2"]
[WhiteElo "1898"]
[BlackElo "2006"]
[PlyCount "69"]
[EventDate "2010.08.16"]
[EventType "swiss"]
[EventRounds "9"]
[EventCountry "GER"]
[SourceTitle "CBM 138 Extra"]
[Source "ChessBase"]
[SourceDate "2010.10.29"]
[SourceVersion "1"]
[SourceVersionDate "2010.10.29"]
[SourceQuality "1"]

1. e4 c6 2. d4 g6 3. c4 d6 4. Nc3 Bg7 5. Be3 Nd7 6. Qd2 e5 7. Nf3 Ngf6 8. h3 Qe7 9. dxe5 dxe5 10. Bd3 0-0 11. 0-0 Nc5 12. Qc2 Nxd3 13. Qxd3 Rd8 14. Qc2 Qc7 15. b3 a6 16. Rfd1 Be6 17. Ne1 b6 18. Nd3 Nh5 19. f3 Nf4 20. Nf2 Qe7 21. Kh2 Rxd1 22. Rxd1 Rd8 23. g3 Nh5 24. Rd2 Rd7 25. Ne2 g5 26. Kg2 Bf8 27. Nd3 f6 28. Ne1 Qd8 29. Ng1 Ng7 30. Qd1 Bb4 31. Rxd7 Qxd7 32. Qxd7 Bxd7 33. Nc2 Be7 34. g4 Ne6 35. Ne2 1/2-1/2

[Event "Schleswig Holstein-ch Seniors"]
[Site "Germany"]
[Date "2009.??.??"]
[Round "2"]
[White "Mann, Klaus Dieter"]
[Black "Salov, Sergej"]
[Result "1/2-1/2"]
[WhiteElo "2085"]
[BlackElo "2255"]
[PlyCount "120"]
[EventDate "2009.??.??"]
[EventType "swiss"]
[EventRounds "7"]
[EventCountry "GER"]
[SourceTitle "EXT 2011"]
[Source "ChessBase"]
[SourceDate "2010.11.26"]
[SourceVersion "1"]
[SourceVersionDate "2010.11.26"]
[SourceQuality "1"]

1. e4 c5 2. Nf3 e6 3. d4 cxd4 4. Nxd4 a6 5. Bd3 Qb6 6. Nb3 Qc7 7. 0-0 Nf6 8. Nc3 Be7 9. Qe2 d6 10. a4 b6 11. f4 Nbd7 12. Be3 Bb7 13. Bf2 0-0 14. h3 Rfe8 15. Rae1 e5 16. fxe5 dxe5 17. Ra1 Nf8 18. Qe3 Bd8 19. Nd2 Ne6 20. Rfe1 Nd4 21. Rec1 Be7 22. Kh2 Bc5 23. Qe1 Rad8 24. Ndb1 Nh5 25. Bf1 Nf4 26. Be3 Re6 27. Nd2 Rg6 28. g3 Nh5 29. Bf2 Rf6 30. Bxd4 Bxd4 31. Nd1 Rg6 32. g4 Nf6 33. c3 Bc5 34. b4 Bf8 35. Nf2 h5 36. gxh5 Nxh5 37. Nf3 Nf4 38. Rd1 Rgd6 39. Rxd6 Rxd6 40. Ng1 Rd8 41. a5 b5 42. Rc1 Qe7 43. Rd1 Rxd1 44. Nxd1 Qd6 45. Nf2 g6 46. Ne2 Nxe2 47. Qxe2 Bh6 48. Nd3 Bc8 49. Qf2 Qc7 50. Nc5 Bf8 51. Qe3 Bxc5 52. bxc5 Qxa5 53. c6 Qc7 54. Qc5 Be6 55. Kg3 Kg7 56. Kf3 f6 57. c4 b4 58. Qxb4 Qxc6 59. Qe7+ Bf7 60. c5 Qa4 1/2-1/2

[Event "Schleswig Holstein-ch Seniors"]
[Site "Germany"]
[Date "2009.??.??"]
[Round "3"]
[White "Szenetra, Werner"]
[Black "Mann, Klaus Dieter"]
[Result "1/2-1/2"]
[WhiteElo "2255"]
[BlackElo "2085"]
[PlyCount "74"]
[EventDate "2009.??.??"]
[EventType "swiss"]
[EventRounds "7"]
[EventCountry "GER"]
[SourceTitle "EXT 2011"]
[Source "ChessBase"]
[SourceDate "2010.11.26"]
[SourceVersion "1"]
[SourceVersionDate "2010.11.26"]
[SourceQuality "1"]

1. Nf3 Nf6 2. d3 g6 3. e4 d6 4. Nbd2 Bg7 5. g3 0-0 6. Bg2 c6 7. a4 e5 8. 0-0 Qc7 9. a5 h6 10. Nc4 Nbd7 11. b3 Re8 12. Ba3 Bf8 13. Nh4 d5 14. Bxf8 Nxf8 15. Ne3 dxe4 16. dxe4 N8h7 17. Qd3 Be6 18. Qc3 Rad8 19. Rfd1 Rxd1+ 20. Rxd1 Re7 21. Nc4 Bxc4 22. Qxc4 Kg7 23. Qc5 b6 24. axb6 axb6 25. Qd6 Ng5 26. f3 Ne6 27. Qxc7 Rxc7 28. Kf2 Kf8 29. Rd2 Ke7 30. Bh3 Rd7 31. Rxd7+ Nxd7 32. Bxe6 Kxe6 33. Ke3 Kd6 34. f4 Ke6 35. f5+ Kf6 36. h3 g5 37. Nf3 Ke7 1/2-1/2

[Event "Schleswig Holstein-ch Seniors"]
[Site "Germany"]
[Date "2009.??.??"]
[Round "7"]
[White "Villing, Dieter"]
[Black "Mann, Klaus Dieter"]
[Result "1-0"]
[WhiteElo "2220"]
[BlackElo "2085"]
[PlyCount "37"]
[EventDate "2009.??.??"]
[EventType "swiss"]
[EventRounds "7"]
[EventCountry "GER"]
[SourceTitle "EXT 2011"]
[Source "ChessBase"]
[SourceDate "2010.11.26"]
[SourceVersion "1"]
[SourceVersionDate "2010.11.26"]
[SourceQuality "1"]

1. e4 c5 2. Nc3 d6 3. f4 g6 4. Nf3 Nc6 5. Bb5 e6 6. d4 Bd7 7. 0-0 b6 8. f5 Be7 9. fxe6 fxe6 10. d5 exd5 11. exd5 Nb8 12. Qe2 a6 13. Bxd7+ Nxd7 14. Bg5 Ngf6 15. Rae1 h6 16. Bxf6 Nxf6 17. Nh4 Rf8 18. Nxg6 Rf7 19. Qe6 1-0

[Event "GER-chT Seniors 17th"]
[Site "Berlin"]
[Date "2008.09.06"]
[Round "7"]
[White "Schwertel, Johann"]
[Black "Mann, Klaus Dieter"]
[Result "1-0"]
[WhiteElo "1995"]
[BlackElo "2104"]
[PlyCount "86"]
[EventDate "2008.08.31"]
[EventType "team-swiss"]
[EventRounds "7"]
[EventCountry "GER"]
[SourceTitle "CBM 126 Extra"]
[Source "ChessBase"]
[SourceDate "2008.11.05"]
[SourceVersion "1"]
[SourceVersionDate "2008.11.05"]
[SourceQuality "1"]

1. d4 Nf6 2. Nf3 g6 3. Bf4 d6 4. e3 Bg7 5. c3 0-0 6. Bc4 c6 7. Nbd2 Nbd7 8. h3 Nd5 9. Bg3 Nc7 10. 0-0 h6 11. Qc2 Kh7 12. Rad1 Nb6 13. Bb3 d5 14. c4 dxc4 15. Nxc4 Nxc4 16. Bxc4 Nd5 17. Ne5 e6 18. e4 Nb6 19. Bb3 Qe7 20. Rfe1 Rd8 21. Nf3 Qd7 22. h4 Kh8 23. Ne5 Qe8 24. Ng4 Rxd4 25. Rxd4 Bxd4 26. Nxh6 Bg7 27. Ng4 e5 28. Nh2 Be6 29. Nf3 f6 30. Rd1 Bg4 31. Rd3 Rd8 32. Bf7 Qe7 33. Bxg6 Bxf3 34. gxf3 Bh6 35. h5 Bg5 36. Rxd8+ Qxd8 37. Qc3 Bd2 38. Qb3 Qe7 39. Bf5 Bg5 40. Qd3 Qc7 41. Qa3 a6 42. Qb3 Nc8 43. Qe6 Nd6 1-0

[Event "GER-chT Seniors 17th"]
[Site "Berlin"]
[Date "2008.09.02"]
[Round "3"]
[White "Mann, Klaus Dieter"]
[Black "Seeck, Klaus"]
[Result "0-1"]
[WhiteElo "2104"]
[BlackElo "2150"]
[PlyCount "50"]
[EventDate "2008.08.31"]
[EventType "team-swiss"]
[EventRounds "7"]
[EventCountry "GER"]
[SourceTitle "CBM 126 Extra"]
[Source "ChessBase"]
[SourceDate "2008.11.05"]
[SourceVersion "1"]
[SourceVersionDate "2008.11.05"]
[SourceQuality "1"]

1. e4 e6 2. d4 d5 3. Nc3 Nf6 4. e5 Nfd7 5. f4 c5 6. Nf3 Nc6 7. Be3 Qb6 8. Na4 Qa5+ 9. c3 c4 10. b4 Nxb4 11. cxb4 Bxb4+ 12. Kf2 b5 13. Nb2 Bc3 14. Bd2 Bxd2 15. Nxd2 Qc3 16. Rb1 Qxd4+ 17. Kg3 c3 18. Nf3 Qxd1 19. Rxd1 cxb2 20. Bxb5 Rb8 21. Ba4 0-0 22. Rb1 Nc5 23. Bb3 a5 24. Bc2 Ba6 25. Nd4 Ne4+ 0-1

[Event "Niedersachsen-ch Seniors 42th"]
[Site "Sottrum"]
[Date "2008.04.14"]
[Round "5"]
[White "Mann, Klaus Dieter"]
[Black "Perk, Egbert"]
[Result "1-0"]
[WhiteElo "1896"]
[BlackElo "1868"]
[PlyCount "103"]
[EventDate "2008.04.10"]
[EventType "swiss"]
[EventRounds "9"]
[EventCountry "GER"]
[SourceTitle "EXT 2022"]
[Source "ChessBase"]
[SourceDate "2021.10.06"]
[SourceVersion "1"]
[SourceVersionDate "2021.10.06"]
[SourceQuality "1"]

1. e4 e5 2. Nf3 Nc6 3. Bb5 a6 4. Ba4 Nf6 5. 0-0 b5 6. Bb3 Be7 7. Re1 d6 8. c3 0-0 9. h3 Nb8 10. d4 Nbd7 11. Nbd2 Bb7 12. Bc2 Re8 13. Nf1 Bf8 14. Ng3 g6 15. a3 Bg7 16. b3 Rc8 17. Bb2 Qe7 18. a4 c6 19. Bd3 h6 20. Qd2 Nh7 21. Bc2 Ng5 22. Nxg5 Qxg5 23. Qd3 Rcd8 24. axb5 cxb5 25. Ba3 Nf8 26. d5 Qe7 27. Bb4 Rc8 28. Ba5 Nd7 29. b4 Bf6 30. Bb3 Ra8 31. c4 bxc4 32. Bxc4 Rec8 33. Rec1 Bg5 34. Rc2 h5 35. Raa2 Kg7 36. Bb3 Rxc2 37. Rxc2 Rc8 38. Ba4 Rxc2 39. Qxc2 Nf8 40. Ne2 Nh7 41. g3 Bf6 42. Kg2 g5 43. Qc4 Nf8 44. Nc3 Ng6 45. Nd1 Qf8 46. Bd7 Bd8 47. Ne3 Ne7 48. Bc7 Bc8 49. Bxc8 Nxc8 50. Nf5+ Kg6 51. Bxd8 Qxd8 52. Qxc8 1-0